[Event "Perpetuelles/Hivernal"]
[Site "Sherbrooke CAN"]
[Date "2009.05.08"]
[Round "4"]
[White "Courteau, Bernard"]
[Black "Leclerc, Luc-Olivier"]
[Result "1-0"]
[WhiteElo "1516"]
[BlackElo "1510"]
[PlyCount "31"]
[GameId "2160767910264841"]
[EventDate "2009.02.06"]
[EventType "swiss"]
[EventCountry "CAN"]

1. d4 d6 2. e4 Nf6 3. f3 g6 4. Be3 Bg7 5. Nc3 c6 6. Qd2 Qa5 7. Bd3 b5 8. Nge2 Na6 9. O-O Nb4 10. Nc1 Bd7 11. Nb3 Qb6 12. Rfe1 a5 13. a3 Na6 14. e5 Nd5 15. exd6 e6 16. Ne4 1-0

[Event "Perpetuelles/Hivernal"]
[Site "Sherbrooke CAN"]
[Date "2009.05.08"]
[Round "4"]
[White "Valiquette, Simon"]
[Black "Guo, Forest"]
[Result "1-0"]
[WhiteElo "1649"]
[BlackElo "1498"]
[PlyCount "127"]
[GameId "2160767910264842"]
[EventDate "2009.02.06"]
[EventType "swiss"]
[EventCountry "CAN"]

1. c4 c5 2. g3 g6 3. Bg2 Bg7 4. Nc3 Nc6 5. Nf3 Nf6 6. O-O O-O 7. d3 d6 8. a3 a6 9. Rb1 Bd7 10. b4 cxb4 11. axb4 Rb8 12. Nd5 Nxd5 13. cxd5 Na7 14. Bb2 Nb5 15. Bxg7 Kxg7 16. Rb3 Nc7 17. Nd4 Ba4 18. Nf5+ gxf5 19. Qa1+ Kh6 20. Qxa4 Rg8 21. Qa2 Qd7 22. Qd2+ Kg6 23. h4 h6 24. Bh3 Nxd5 25. e4 Qa4 26. Bxf5+ Kg7 27. Rb2 Nf6 28. Qc3 Qc6 29. Rc1 e6 30. Bh3 Rbc8 31. Rbc2 Qxc3 32. Rxc3 Rxc3 33. Rxc3 Nd7 34. Rc7 Ne5 35. Bxe6 Kf6 36. Bd5 Re8 37. Rxb7 Re7 38. Rb6 Nxd3 39. Rxd6+ Kg7 40. Bxf7 Kxf7 41. Rxd3 Rxe4 42. Rd7+ Kg8 43. Rd6 Rxb4 44. Rxh6 a5 45. Ra6 Rb1+ 46. Kg2 Ra1 47. Ra7 a4 48. g4 a3 49. g5 a2 50. h5 Rb1 51. Rxa2 Rb5 52. f4 Kf7 53. Ra7+ Ke6 54. h6 Kf5 55. Rf7+ Ke6 56. g6 Rh5 57. f5+ Rxf5 58. Rxf5 Kxf5 59. g7 Kg6 60. g8=Q+ Kxh6 61. Kg3 Kh5 62. Kf4 Kh6 63. Kf5 Kh5 64. Qg5# 1-0

[Event "Perpetuelles/Hivernal"]
[Site "Sherbrooke CAN"]
[Date "2009.07.07"]
[Round "4"]
[White "Allard dos Santos, Alexandre"]
[Black "Beaudry, Michel"]
[Result "0-1"]
[WhiteElo "1311"]
[BlackElo "1386"]
[PlyCount "112"]
[GameId "2160767910264843"]
[EventDate "2009.02.06"]
[EventType "swiss"]
[EventCountry "CAN"]

1. e4 e5 2. Nf3 Nf6 3. Nc3 Bc5 4. h3 O-O 5. Bc4 c6 6. O-O d5 7. exd5 e4 8. Nh2 cxd5 9. Bb3 Nc6 10. d3 Bf5 11. dxe4 dxe4 12. Bf4 Nd4 13. Kh1 Qe7 14. Be3 Rad8 15. Qe1 Qd7 16. Na4 Nxb3 17. axb3 Bxe3 18. fxe3 Bg6 19. Nc3 a6 20. Rd1 Qc7 21. Rf2 Qg3 22. Re2 Rxd1 23. Nxd1 Qxe1+ 24. Rxe1 Rd8 25. Nf1 Nd5 26. Nc3 Nb4 27. Re2 f5 28. Kh2 Kf7 29. g4 fxg4 30. hxg4 Ke6 31. Rf2 Rd7 32. Ng3 Ke5 33. Kh3 Nd5 34. Rd2 Nf6 35. Rxd7 Nxd7 36. Kh4 Nb8 37. Nce2 Nc6 38. Nf4 Bf7 39. Nf5 g6 40. Nh6 Be8 41. c4 Na5 42. Nd5 Nxb3 43. Kg5 Nc5 44. Ng8 Bf7 45. Ngf6 h5 46. Nxh5 gxh5 47. gxh5 Bxd5 48. Kg6 Be6 49. h6 Bf5+ 50. Kg7 Ne6+ 51. Kf7 b5 52. cxb5 axb5 53. Kg8 Ng5 54. b4 Kd5 55. h7 Nxh7 56. Kh8 Kc4 0-1

[Event "Perpetuelles/Hivernal"]
[Site "Sherbrooke CAN"]
[Date "2009.07.07"]
[Round "4"]
[White "Tremblay, Manuel"]
[Black "Leclerc, Luc-Olivier"]
[Result "0-1"]
[WhiteElo "1385"]
[BlackElo "1510"]
[PlyCount "66"]
[GameId "2160767910264844"]
[EventDate "2009.02.06"]
[EventType "swiss"]
[EventCountry "CAN"]

1. d4 f5 2. c4 e6 3. Nf3 d5 4. Nc3 c6 5. Bf4 Nf6 6. e3 Nbd7 7. Bd3 h6 8. h3 Be7 9. O-O Ne4 10. Qc2 g5 11. Bh2 Bf6 12. cxd5 cxd5 13. Nd2 Qe7 14. f3 Nxc3 15. Qxc3 O-O 16. Rae1 Qg7 17. Nb3 Nb6 18. Qd2 e5 19. dxe5 Bxe5 20. Bxe5 Qxe5 21. f4 Qf6 22. fxg5 Qxg5 23. Rf4 Bd7 24. Nd4 Rae8 25. Ref1 Nc4 26. Bxc4 dxc4 27. Nf3 Qe7 28. Re1 Be6 29. Ne5 Qc5 30. Qc3 Kh7 31. Kh2 b5 32. Rd1 Rd8 33. Rdf1 b4 0-1

[Event "Perpetuelles/Hivernal"]
[Site "Sherbrooke CAN"]
[Date "2009.07.07"]
[Round "5"]
[White "Beaudry, Michel"]
[Black "Tremblay, Manuel"]
[Result "1/2-1/2"]
[WhiteElo "1386"]
[BlackElo "1385"]
[PlyCount "52"]
[GameId "2160767910264845"]
[EventDate "2009.02.06"]
[EventType "swiss"]
[EventCountry "CAN"]

1. e4 c6 2. d4 d5 3. e5 Bf5 4. g4 Bd7 5. f4 e6 6. Nf3 c5 7. c3 cxd4 8. cxd4 Nc6 9. h4 Qb6 10. a3 O-O-O 11. Nc3 Kb8 12. b4 f6 13. Rh2 Nh6 14. Na4 Qc7 15. Rc2 a6 16. g5 fxg5 17. fxg5 Nf5 18. Bd2 Rc8 19. b5 axb5 20. Bxb5 Qd8 21. Bxc6 Rxc6 22. Rxc6 Bxc6 23. Qb3 Be7 24. Rc1 Qe8 25. Nc5 Bxc5 26. Rxc5 Ng3 1/2-1/2

[Event "Perpetuelles/Hivernal"]
[Site "Sherbrooke CAN"]
[Date "2009.07.07"]
[Round "5"]
[White "Leclerc, Luc-Olivier"]
[Black "Soskic, Milan"]
[Result "1-0"]
[WhiteElo "1510"]
[BlackElo "1446"]
[PlyCount "87"]
[GameId "2160767910264846"]
[EventDate "2009.02.06"]
[EventType "swiss"]
[EventCountry "CAN"]

1. f4 d5 2. Nf3 Nf6 3. e3 c5 4. c3 Bd7 5. d4 c4 6. Nbd2 b5 7. Ne5 Nc6 8. Qf3 e6 9. e4 Nxe5 10. fxe5 Nxe4 11. Nxe4 dxe4 12. Qxe4 Rc8 13. Be2 Bc6 14. Qg4 h5 15. Qg3 g6 16. O-O Rc7 17. Bg5 Qd7 18. Bf6 Rh7 19. Rf2 Be7 20. Raf1 Bxf6 21. Rxf6 Kd8 22. Qg5 Kc8 23. Qe3 Bd5 24. Bd1 a6 25. Bc2 Qc6 26. Qf2 Qb7 27. a4 Qc6 28. axb5 axb5 29. Qg3 Be4 30. Bxe4 Qxe4 31. R6f4 Qd5 32. Qe1 g5 33. Rf6 Ra7 34. Qe3 Rg7 35. Qe2 Rh7 36. Qe3 Rg7 37. Rh6 h4 38. Rh5 Ra2 39. Rxg5 Rxg5 40. Qxg5 Rxb2 41. Qg8+ Kc7 42. Rxf7+ Kb6 43. Qb8+ Ka5 44. Ra7# 1-0

[Event "Perpetuelles/Hivernal"]
[Site "Sherbrooke CAN"]
[Date "2009.07.07"]
[Round "5"]
[White "Valiquette, Simon"]
[Black "Allard dos Santos, Alexandre"]
[Result "1/2-1/2"]
[WhiteElo "2400"]
[BlackElo "2400"]
[PlyCount "67"]
[GameId "2160767910264847"]
[EventDate "2009.02.06"]
[EventType "swiss"]
[EventCountry "CAN"]

1. c4 c6 2. g3 Nf6 3. Bg2 d5 4. d4 Bf5 5. cxd5 cxd5 6. Nf3 e6 7. Nc3 Nc6 8. Qa4 Be7 9. Ne5 Qb6 10. O-O O-O 11. Nxc6 Qxc6 12. Qxc6 bxc6 13. Na4 Nd7 14. Bf4 Rac8 15. Rac1 f6 16. Rc3 g5 17. Bd2 Bb4 18. Rfc1 Bxc3 19. Rxc3 Rc7 20. Nc5 Nxc5 21. Rxc5 Rfc8 22. h3 Rb7 23. b4 Bb1 24. a3 Ba2 25. Bf3 Bc4 26. e4 Rb5 27. exd5 Rxc5 28. dxc5 exd5 29. Bg4 Rc7 30. Bc3 Kg7 31. f4 gxf4 32. gxf4 Re7 33. Kf2 Bd3 34. Bf3 1/2-1/2

[Event "Quebec Interclubs 1/2 final"]
[Site "Montreal CAN"]
[Date "2009.05.08"]
[Round "1"]
[White "Amesse, Louis-Philippe"]
[Black "Girard, Sylvain"]
[Result "1-0"]
[WhiteElo "1659"]
[BlackElo "1487"]
[PlyCount "57"]
[GameId "2160767910156871"]
[EventDate "2009.05.08"]
[EventType "team"]
[EventRounds "5"]
[EventCountry "CAN"]
[SourceTitle "hb 2009.08"]

1. e4 Nf6 2. e5 Nd5 3. c4 Nb6 4. d4 d6 5. f4 dxe5 6. fxe5 c5 7. d5 e6 8. Nf3 exd5 9. cxd5 Qxd5 10. Qc2 c4 11. Bd2 Be6 12. Nc3 Qc6 13. O-O-O Na6 14. Nd4 Qc8 15. Ncb5 Nc7 16. Nxc7+ Qxc7 17. Bd3 Qxe5 18. Nxe6 fxe6 19. Bxh7 Nd5 20. Bg6+ Kd8 21. Rhf1 Bd6 22. Rde1 Qd4 23. Rxe6 Be5 24. Re1 Nf4 25. R6xe5 Nd3+ 26. Bxd3 cxd3 27. Bg5+ Kd7 28. Re7+ Kd6 29. Qc7+ 1-0

[Event "Quebec Interclubs 1/2 final"]
[Site "Montreal CAN"]
[Date "2009.05.08"]
[Round "1"]
[White "Boyer, Eric"]
[Black "Cvetkovic, Tomica"]
[Result "1-0"]
[WhiteElo "1685"]
[BlackElo "1126"]
[PlyCount "105"]
[GameId "2160767910156872"]
[EventDate "2009.05.08"]
[EventType "team"]
[EventRounds "5"]
[EventCountry "CAN"]
[SourceTitle "hb 2009.08"]

1. d4 d6 2. e4 Nf6 3. Nd2 e6 4. Ngf3 Nc6 5. c4 e5 6. d5 Ne7 7. h3 c5 8. Bd3 Ng6 9. Nf1 Be7 10. Ng3 h6 11. O-O O-O 12. Nh2 Re8 13. f4 Nh7 14. f5 Nh8 15. Ng4 Nf6 16. Nxf6+ Bxf6 17. Nh5 Kh7 18. Rf3 Rg8 19. Be3 Bg5 20. Bxg5 Qxg5 21. Rg3 Qh4 22. Rg4 Qd8 23. Qf3 f6 24. Rg3 g6 25. fxg6+ Rxg6 26. Rxg6 Nxg6 27. Qxf6 Qxf6 28. Nxf6+ Kh8 29. Kf2 Nf4 30. Bc2 b6 31. Ne8 Ba6 32. Nxd6 Kg7 33. Nf5+ Kh7 34. b3 Rg8 35. Rg1 Rf8 36. Ke3 Bc8 37. g4 Nxh3 38. Rh1 Bxf5 39. exf5 Nf4 40. f6+ Kg8 41. Rxh6 Rf7 42. Ke4 Ne2 43. Kxe5 Nd4 44. Bg6 Nf3+ 45. Ke4 Rxf6 46. Bh7+ Kg7 47. Rxf6 Ng5+ 48. Kf5 Nxh7 49. Rc6 Nf8 50. Rc7+ Kg8 51. Kf6 Nh7+ 52. Rxh7 Kxh7 53. d6 1-0

[Event "Quebec Interclubs 1/2 final"]
[Site "Montreal CAN"]
[Date "2009.05.08"]
[Round "1"]
[White "Gerard, Patrice"]
[Black "Cvetkovic, Simeon"]
[Result "0-1"]
[WhiteElo "1819"]
[BlackElo "1626"]
[PlyCount "103"]
[GameId "2160767910156873"]
[EventDate "2009.05.08"]
[EventType "team"]
[EventRounds "5"]
[EventCountry "CAN"]
[SourceTitle "hb 2009.08"]

1. e4 c5 2. Nc3 Nc6 3. Bb5 Nd4 4. Bc4 g6 5. Nge2 Bg7 6. f4 d6 7. O-O Nh6 8. d3 O-O 9. Kh1 e6 10. Nxd4 cxd4 11. Ne2 e5 12. Qe1 Kh8 13. fxe5 dxe5 14. Bxh6 Bxh6 15. Bxf7 Qc7 16. Qh4 Rxf7 17. Qxh6 Be6 18. Rxf7 Bxf7 19. c4 b5 20. b3 bxc4 21. bxc4 Rb8 22. Ng1 Qe7 23. Nf3 Bg8 24. Qg5 Qxg5 25. Nxg5 Kg7 26. Nf3 Kf6 27. g4 Rb2 28. Kg1 Ke6 29. Rc1 Rxa2 30. Rb1 Ra3 31. Ne1 Bf7 32. Rb7 h6 33. h4 Be8 34. Rb8 Bd7 35. Rh8 Kf6 36. g5+ hxg5 37. Rh7 Bg4 38. hxg5+ Kxg5 39. Kf2 Ra2+ 40. Kg3 Re2 41. Ng2 Rd2 42. Ne1 Be2 43. Rh2 Rxd3+ 44. Nxd3 Bxd3 45. c5 Bxe4 46. Ra2 d3 47. Rxa7 Bd5 48. Kf2 Kf4 49. Ra6 d2 50. Ra4+ e4 51. Ra1 e3+ 52. Kf1 0-1

[Event "Quebec Interclubs 1/2 final"]
[Site "Montreal CAN"]
[Date "2009.05.08"]
[Round "1"]
[White "Giroux, Robert"]
[Black "Trottier, Emile"]
[Result "1-0"]
[WhiteElo "1931"]
[BlackElo "1690"]
[PlyCount "92"]
[GameId "2160767910156874"]
[EventDate "2009.05.08"]
[EventType "team"]
[EventRounds "5"]
[EventCountry "CAN"]
[SourceTitle "hb 2009.08"]

1. e4 e6 2. d4 d5 3. Nc3 Nf6 4. Bg5 Be7 5. e5 Nfd7 6. Bxe7 Qxe7 7. Qh5 a6 8. Nf3 c5 9. dxc5 Nxc5 10. O-O-O b5 11. Qg4 O-O 12. Bd3 Nxd3+ 13. cxd3 Nd7 14. Rhe1 b4 15. Na4 a5 16. Kb1 Ba6 17. Nd4 Rac8 18. Qg3 Nc5 19. Nxc5 Qxc5 20. Qe3 h6 21. g4 a4 22. g5 h5 23. Rc1 Qb6 24. Rxc8 Rxc8 25. g6 fxg6 26. Rc1 Rxc1+ 27. Kxc1 a3 28. Ne2 Qxe3+ 29. fxe3 g5 30. bxa3 bxa3 31. Kd2 Kf7 32. h3 Kg6 33. Nd4 Bc8 34. Ke2 g4 35. hxg4 hxg4 36. Nb5 Kg5 37. Kf2 Ba6 38. Nc7 Bxd3 39. Nxe6+ Kf5 40. Nc5 Bc4 41. e6 Kf6 42. e4 d4 43. e5+ Ke7 44. Ke1 Bxa2 45. Kd2 Bxe6 46. Kc2 g3 1-0

[Event "Quebec Interclubs 1/2 final"]
[Site "Montreal CAN"]
[Date "2009.05.08"]
[Round "1"]
[White "Libersan, Thierry"]
[Black "Sarrazin-Gendron, Roman"]
[Result "1/2-1/2"]
[WhiteElo "2129"]
[BlackElo "1711"]
[PlyCount "82"]
[GameId "2160767910156875"]
[EventDate "2009.05.08"]
[EventType "team"]
[EventRounds "5"]
[EventCountry "CAN"]
[SourceTitle "hb 2009.08"]

1. d4 Nf6 2. c4 g6 3. Nc3 Bg7 4. e4 O-O 5. Nf3 d6 6. Be2 Nbd7 7. Bg5 e5 8. d5 h6 9. Bh4 g5 10. Bg3 Re8 11. h4 g4 12. Nd2 h5 13. Qc2 Nf8 14. O-O-O Ng6 15. f3 Bh6 16. Kb1 Be3 17. Qd3 Bb6 18. Na4 Nf4 19. Bxf4 exf4 20. Nxb6 axb6 21. Nb3 Qe7 22. Qd2 Qe5 23. Nc1 Bd7 24. Nd3 Qe7 25. Qxf4 b5 26. Nf2 bxc4 27. Bxc4 Ra5 28. Nd3 Ba4 29. Qg5+ Kf8 30. Qh6+ Kg8 31. Rde1 b5 32. Bb3 Bxb3 33. axb3 Rea8 34. e5 Nxd5 35. Qxh5 Ne3 36. Rxe3 Ra1+ 37. Kc2 Rxh1 38. Re4 Rxh4 39. Rxg4+ Rxg4 40. Qxg4+ Kf8 41. Qh5 Qe8 1/2-1/2

[Event "Quebec Interclubs 1/2 final"]
[Site "Montreal CAN"]
[Date "2009.05.08"]
[Round "1"]
[White "Sprumont, Oscar"]
[Black "Poulin, Marc"]
[Result "1-0"]
[WhiteElo "1434"]
[BlackElo "1029"]
[PlyCount "52"]
[GameId "2160767910156877"]
[EventDate "2009.05.08"]
[EventType "team"]
[EventRounds "5"]
[EventCountry "CAN"]
[SourceTitle "hb 2009.08"]

1. e4 e5 2. Nf3 Nf6 3. Bc4 Bc5 4. d3 d6 5. h3 Nc6 6. Nc3 O-O 7. Bg5 Na5 8. Nd5 Nxc4 9. dxc4 Be6 10. Nxf6+ gxf6 11. Bh6 Re8 12. Qd3 c6 13. Nxe5 Kh8 14. Nf3 Qb6 15. O-O Rg8 16. Kh2 Qc7 17. g3 Rad8 18. Bf4 Qc8 19. Qc3 Rg7 20. g4 Bxg4 21. Qxf6 Bxh3 22. Bh6 Rdg8 23. Bxg7+ Rxg7 24. Rg1 Bg4 25. Ng5 Bh5 26. Nxf7+ Bxf7 1-0

[Event "Quebec Interclubs 1/2 final"]
[Site "Montreal CAN"]
[Date "2009.05.08"]
[Round "1"]
[White "Ye, Ling Feng"]
[Black "Poulin, Mathieu"]
[Result "1-0"]
[WhiteElo "2226"]
[BlackElo "1786"]
[PlyCount "141"]
[GameId "2160767910156878"]
[EventDate "2009.05.08"]
[EventType "team"]
[EventRounds "5"]
[EventCountry "CAN"]
[SourceTitle "hb 2009.08"]

1. e3 d5 2. Nf3 c5 3. c4 Nf6 4. cxd5 Nxd5 5. Nc3 g6 6. Bb5+ Bd7 7. Qb3 Nxc3 8. Bc4 e6 9. Qxc3 Rg8 10. O-O Bc6 11. Be2 Nd7 12. Rb1 Bg7 13. Qc2 Qe7 14. d4 Rd8 15. b3 cxd4 16. Nxd4 Bd5 17. Nb5 Nc5 18. Ba3 b6 19. Rbc1 a6 20. Nc3 Qb7 21. Nxd5 Qxd5 22. Bf3 Qe5 23. Bc6+ Ke7 24. b4 Nd3 25. b5+ Kf6 26. Rcd1 Bf8 27. Rxd3 Bxa3 28. Rxa3 axb5 29. Qe2 Qc5 30. Qf3+ Kg7 31. Ra7 Rgf8 32. Rd7 Rde8 33. Bb7 Rd8 34. Rfd1 Rxd7 35. Rxd7 Qc4 36. g3 Qxa2 37. Qc6 b4 38. Qxb6 b3 39. Be4 Rc8 40. Qxe6 Rf8 41. Rb7 Qa1+ 42. Kg2 b2 43. Qe5+ Kg8 44. Qxb2 Qa4 45. Bd5 Qe8 46. Qf6 h5 47. h4 Kh7 48. Rxf7+ Rxf7 49. Qxf7+ Qxf7 50. Bxf7 Kg7 51. Bxg6 Kxg6 52. f4 Kf6 53. e4 Ke6 54. Kf3 Kf6 55. g4 hxg4+ 56. Kxg4 Kg6 57. e5 Kh6 58. f5 Kh7 59. e6 Kg7 60. Kg5 Kf8 61. h5 Ke8 62. h6 Kd8 63. h7 Kc7 64. h8=Q Kd6 65. e7 Kd5 66. e8=Q Kd6 67. Qh2+ Kd5 68. Qd2+ Kc5 69. Qc8+ Kb5 70. Qb2+ Ka4 71. Qa8# 1-0

[Event "Quebec Interclubs 1/2 final"]
[Site "Montreal CAN"]
[Date "2009.05.09"]
[Round "2"]
[White "Girard, Sylvain"]
[Black "Cvetkovic, Tomica"]
[Result "0-1"]
[WhiteElo "1487"]
[BlackElo "1126"]
[PlyCount "64"]
[GameId "2160767910156879"]
[EventDate "2009.05.08"]
[EventType "team"]
[EventRounds "5"]
[EventCountry "CAN"]
[SourceTitle "hb 2009.08"]

1. e4 d6 2. d4 Nf6 3. Nc3 g6 4. Bg5 Bg7 5. Bd3 O-O 6. Qd2 Nc6 7. Nge2 Re8 8. d5 Ne5 9. Bb5 c6 10. Ba4 b5 11. Bb3 Bb7 12. f3 a5 13. a4 b4 14. Nd1 c5 15. c4 Bc8 16. Nf2 e6 17. O-O exd5 18. exd5 Qc7 19. Ng3 Rf8 20. Rae1 Ne8 21. f4 Ng4 22. Re7 Qb8 23. Rfe1 Bf5 24. Nxf5 gxf5 25. Nxg4 fxg4 26. Bd1 h6 27. Bh4 f5 28. b3 Bc3 29. Qe2 Qc8 30. Qe6+ Qxe6 31. R1xe6 h5 32. Rg6+ Bg7 0-1

[Event "Quebec Interclubs 1/2 final"]
[Site "Montreal CAN"]
[Date "2009.05.09"]
[Round "2"]
[White "Giroux, Robert"]
[Black "Libersan, Thierry"]
[Result "1/2-1/2"]
[WhiteElo "1931"]
[BlackElo "2129"]
[PlyCount "137"]
[GameId "2160767910156880"]
[EventDate "2009.05.08"]
[EventType "team"]
[EventRounds "5"]
[EventCountry "CAN"]
[SourceTitle "hb 2009.08"]

1. d4 Nf6 2. c4 g6 3. Nc3 Bg7 4. e4 d6 5. f4 O-O 6. Nf3 c5 7. d5 Bg4 8. Be2 Na6 9. O-O Bxf3 10. Bxf3 Nd7 11. Kh1 Rb8 12. Bd2 Nc7 13. Rb1 b5 14. Nxb5 Nxb5 15. cxb5 Rxb5 16. b3 Qc7 17. Be2 Rbb8 18. Qc2 a5 19. Bc4 Qa7 20. a4 Rb4 21. Bxb4 cxb4 22. Qe2 Bd4 23. Rbd1 f6 24. Bb5 Bc3 25. Bxd7 Qxd7 26. h3 Rc8 27. Qg4 Qxg4 28. hxg4 h6 29. Rc1 Rc5 30. Rfd1 Kf7 31. g3 g5 32. Kg2 Rc8 33. Kf3 Rh8 34. Rd3 Rc8 35. Ke2 gxf4 36. gxf4 Rg8 37. Kf3 Rc8 38. Rdd1 Rh8 39. Rh1 Kg6 40. Rc2 Kg7 41. Rh3 Kg6 42. Rxc3 bxc3 43. Ke2 Rc8 44. Kd1 c2+ 45. Kc1 Rc7 46. Rh2 Rc3 47. Rxc2 Rxb3 48. Rc7 Rg3 49. Rxe7 Rxg4 50. f5+ Kh5 51. Kd2 Rg2+ 52. Ke3 Ra2 53. Re6 Kg5 54. Rxd6 Ra3+ 55. Kf2 Rxa4 56. Kf3 Ra3+ 57. Kg2 Re3 58. Re6 a4 59. d6 Rd3 60. e5 Kxf5 61. Rxf6+ Kxe5 62. Rxh6 Rxd6 63. Rh5+ Ke6 64. Ra5 Rd4 65. Kf2 Kd6 66. Ke3 Rh4 67. Kd3 Kc6 68. Kc3 Kb6 69. Rg5 1/2-1/2

[Event "Quebec Interclubs 1/2 final"]
[Site "Montreal CAN"]
[Date "2009.05.09"]
[Round "2"]
[White "Poulin, Marc"]
[Black "Paquette, Esther-Jeanne"]
[Result "1-0"]
[WhiteElo "1029"]
[BlackElo "984"]
[PlyCount "137"]
[GameId "2160767910156881"]
[EventDate "2009.05.08"]
[EventType "team"]
[EventRounds "5"]
[EventCountry "CAN"]
[SourceTitle "hb 2009.08"]

1. d4 d5 2. c4 dxc4 3. e4 b5 4. Nc3 Ba6 5. Bg5 f6 6. Bf4 e6 7. Nf3 Bd6 8. e5 Bb4 9. a3 Bxc3+ 10. bxc3 Nc6 11. Rb1 Qd5 12. Qe2 Na5 13. exf6 Nxf6 14. Bxc7 Qf5 15. Rd1 Nd5 16. Bxa5 O-O 17. g3 Rab8 18. Bb4 Bb7 19. Bxf8 Nxc3 20. Nh4 Nxe2 21. Nxf5 exf5 22. Bxe2 Bxh1 23. Bb4 Re8 24. f3 g5 25. Kf2 Bxf3 26. Bxf3 Kf7 27. Re1 Rd8 28. d5 Kg6 29. Re6+ Kg7 30. Bc3+ Kf8 31. Rf6+ Ke7 32. Rxf5 Kd6 33. Rxg5 Kc5 34. Rg7 a6 35. Rxh7 Ra8 36. Rh5 Ra7 37. h4 a5 38. d6+ Kxd6 39. Rxb5 a4 40. Bb4+ Kc7 41. Rc5+ Kb6 42. Rxc4 Kb5 43. Rc5+ Kb6 44. h5 Rf7 45. Ra5 Rf6 46. Rxa4 Kb5 47. Ra5+ Kc4 48. Rg5 Kd3 49. a4 Kc4 50. Rg4+ Kd3 51. a5 Kc2 52. Rf4 Ra6 53. g4 Kb3 54. Kg3 Ka4 55. g5 Re6 56. Re4 Rc6 57. g6 Rc8 58. a6 Kb5 59. a7 Kb6 60. Re7 Kb5 61. a8=Q Rxa8 62. Bxa8 Kxb4 63. g7 Kc5 64. g8=Q Kd6 65. Qe6+ Kc5 66. Rc7+ Kd4 67. h6 Kd3 68. h7 Kd2 69. h8=Q 1-0

[Event "Quebec Interclubs 1/2 final"]
[Site "Montreal CAN"]
[Date "2009.05.09"]
[Round "2"]
[White "Poulin, Mathieu"]
[Black "Gerard, Patrice"]
[Result "0-1"]
[WhiteElo "1786"]
[BlackElo "1819"]
[PlyCount "100"]
[GameId "2160767910156882"]
[EventDate "2009.05.08"]
[EventType "team"]
[EventRounds "5"]
[EventCountry "CAN"]
[SourceTitle "hb 2009.08"]

1. d4 Nf6 2. c4 g6 3. Nc3 Bg7 4. e4 d6 5. Nf3 O-O 6. Be2 e5 7. dxe5 dxe5 8. Qxd8 Rxd8 9. Bg5 Re8 10. O-O-O c6 11. Nxe5 Nxe4 12. Nxe4 Bxe5 13. Nf6+ Bxf6 14. Bxf6 Nd7 15. Bc3 Rxe2 16. Rhe1 Rxe1 17. Rxe1 f6 18. Re7 Ne5 19. f4 Nd3+ 20. Kd2 Nxf4 21. Bxf6 Nh5 22. Be5 Bf5 23. h3 Rd8+ 24. Kc1 Rd7 25. Re8+ Kf7 26. Ra8 Bd3 27. b3 Nf6 28. g3 a6 29. Bf4 Nh5 30. Be5 Ke6 31. g4 Kxe5 32. gxh5 gxh5 33. Rf8 Bf5 34. h4 Kf4 35. Rg8 Bg6 36. a4 Kg4 37. Kb2 Kxh4 38. Kc3 Kg3 39. Kb4 h4 40. Ka5 h3 41. Kb6 h2 42. b4 h1=Q 43. c5 Qb1 44. Ka5 Qb3 45. Rf8 Bc2 46. Re8 Qxa4+ 47. Kb6 Qxb4+ 48. Ka7 b6+ 49. Ka8 a5 50. Rg8+ Kh4 0-1

[Event "Quebec Interclubs 1/2 final"]
[Site "Montreal CAN"]
[Date "2009.05.09"]
[Round "2"]
[White "Sprumont, Oscar"]
[Black "Boyer, Eric"]
[Result "1/2-1/2"]
[WhiteElo "1434"]
[BlackElo "1685"]
[PlyCount "35"]
[GameId "2160767910156883"]
[EventDate "2009.05.08"]
[EventType "team"]
[EventRounds "5"]
[EventCountry "CAN"]
[SourceTitle "hb 2009.08"]

1. e4 d5 2. exd5 Nf6 3. d4 Nxd5 4. c4 Nb6 5. Nc3 g6 6. Be3 Bg7 7. h3 Nc6 8. Nf3 O-O 9. Be2 e5 10. dxe5 Nxe5 11. Nxe5 Bxe5 12. Qd2 Be6 13. b3 Qf6 14. Ne4 Qd8 15. Rd1 Qxd2+ 16. Bxd2 Nd7 17. Bc3 Bxc3+ 18. Nxc3 1/2-1/2

[Event "Quebec Interclubs 1/2 final"]
[Site "Montreal CAN"]
[Date "2009.06.09"]
[Round "2"]
[White "Sarrazin-Gendron, Roman"]
[Black "Cvetkovic, Simeon"]
[Result "0-1"]
[WhiteElo "1711"]
[BlackElo "1626"]
[PlyCount "61"]
[GameId "2160767910156884"]
[EventDate "2009.05.08"]
[EventType "team"]
[EventRounds "5"]
[EventCountry "CAN"]
[SourceTitle "hb 2009.08"]

1. Nf3 c5 2. g3 g6 3. Bg2 Bg7 4. O-O Nf6 5. d3 O-O 6. e4 d6 7. Nc3 Nc6 8. Ne1 Nd4 9. f4 Bg4 10. Nf3 Qd7 11. Ne2 Nh5 12. c3 Nxf3+ 13. Bxf3 Bxf3 14. Rxf3 Qc6 15. g4 Nf6 16. Rg3 Nd7 17. f5 d5 18. Re3 d4 19. cxd4 cxd4 20. Rg3 Rac8 21. Nf4 Qd6 22. Rg2 Be5 23. Nh3 Kg7 24. Qd2 Kg8 25. Qh6 Bg7 26. Qh4 Ne5 27. Qg3 Qa6 28. Nf4 Rfe8 29. g5 Qa4 30. Nd5 Qd1+ 31. Kf2 0-1

[Event "Quebec Interclubs 1/2 final"]
[Site "Montreal CAN"]
[Date "2009.06.09"]
[Round "2"]
[White "Trottier, Emile"]
[Black "Amesse, Louis-Philippe"]
[Result "1-0"]
[WhiteElo "1690"]
[BlackElo "1659"]
[PlyCount "33"]
[GameId "2160767910156885"]
[EventDate "2009.05.08"]
[EventType "team"]
[EventRounds "5"]
[EventCountry "CAN"]
[SourceTitle "hb 2009.08"]

1. e4 d5 2. exd5 Nf6 3. Nc3 Nxd5 4. Nxd5 Qxd5 5. Nf3 e5 6. d4 e4 7. Ne5 Be6 8. Bc4 Qa5+ 9. Bd2 Qb6 10. d5 Nd7 11. dxe6 Nxe5 12. Qh5 Qxb2 13. exf7+ Kd8 14. Rd1 Bd6 15. Qf5 Ke7 16. f8=Q+ Rhxf8 17. Qe6+ 1-0

[Event "Quebec Interclubs 1/2 final"]
[Site "Montreal CAN"]
[Date "2009.05.09"]
[Round "3"]
[White "Cote, Etienne"]
[Black "Trottier, Emile"]
[Result "1-0"]
[WhiteElo "1658"]
[BlackElo "1690"]
[PlyCount "95"]
[GameId "2160767910156886"]
[EventDate "2009.05.08"]
[EventType "team"]
[EventRounds "5"]
[EventCountry "CAN"]
[SourceTitle "hb 2009.08"]

1. Nf3 e6 2. g3 d5 3. d4 f5 4. c4 c6 5. Bg2 Nf6 6. O-O Bd6 7. Qc2 O-O 8. Bf4 Bxf4 9. gxf4 Ne4 10. Ne5 Rf6 11. e3 Rh6 12. Bxe4 fxe4 13. f3 exf3 14. Nd2 Rxh2 15. Nexf3 Rh5 16. Kf2 Bd7 17. Rh1 Be8 18. Ne5 Nd7 19. Rxh5 Bxh5 20. Rh1 Nxe5 21. dxe5 Bg6 22. Qb3 b6 23. Rh2 d4 24. c5 dxe3+ 25. Kxe3 Qd5 26. Qxd5 cxd5 27. cxb6 axb6 28. a3 Kf7 29. Nf3 h6 30. Nd4 Rc8 31. Nb5 Rc2 32. Rxc2 Bxc2 33. Nd4 Ba4 34. b3 Bd7 35. Nf3 Kg6 36. Nd4 Bc8 37. a4 Kh5 38. b4 g5 39. Kf3 gxf4 40. Kxf4 Kh4 41. a5 bxa5 42. bxa5 Kh3 43. Nxe6 Bxe6 44. a6 d4 45. a7 Bd5 46. e6 Bxe6 47. a8=Q d3 48. Qh1# 1-0

[Event "Quebec Interclubs 1/2 final"]
[Site "Montreal CAN"]
[Date "2009.05.09"]
[Round "3"]
[White "Cvetkovic, Simeon"]
[Black "Sprumont, Oscar"]
[Result "1-0"]
[WhiteElo "1626"]
[BlackElo "1434"]
[PlyCount "94"]
[GameId "2160767910156887"]
[EventDate "2009.05.08"]
[EventType "team"]
[EventRounds "5"]
[EventCountry "CAN"]
[SourceTitle "hb 2009.08"]

1. c4 e5 2. Nc3 f5 3. e3 Nf6 4. Nge2 Nc6 5. d4 d6 6. g3 Be7 7. Bg2 Bd7 8. O-O O-O 9. b3 e4 10. f3 exf3 11. Bxf3 g5 12. Nd5 Rb8 13. Nec3 g4 14. Bg2 h5 15. Qd3 Nxd5 16. Nxd5 Bf6 17. Bd2 Kg7 18. Bc3 Kg6 19. e4 Bg5 20. exf5+ Bxf5 21. Rxf5 Rxf5 22. Be4 Qd7 23. Nxc7 Ne7 24. Bxf5+ Qxf5 25. Qxf5+ Nxf5 26. Nd5 Re8 27. Kf2 Ne3 28. Nf4+ Bxf4 29. gxf4 Nf5 30. Re1 Rxe1 31. Kxe1 h4 32. Kf2 Kh5 33. d5 g3+ 34. hxg3 hxg3+ 35. Kf3 Kh4 36. Be1 Kh3 37. Ke4 g2 38. Bf2 Ng3+ 39. Kf3 a6 40. c5 dxc5 41. d6 Nf5 42. d7 Nd4+ 43. Bxd4 cxd4 44. d8=Q g1=N+ 45. Kf2 Kh2 46. Qxd4 Nh3+ 47. Kf3 Ng1+ 1-0